000 00202nam a22000977a 4500
082 _a050
245 _aHEALTH & NUTRITION - ENGLISH - JANUARY 2018
300 _a114P
490 _aJANUARY 2018
942 _cCR
999 _c4209
_d4209